000 00236nam a22000977a 4500
082 _a355 ML ARM'Y
245 _aARMY SCHOOL OF LOGISTICS REFERNCE BOOK
260 _aKULDANA
_bARMY SCHOOL OF LOGISTIC
_c1980
300 _a211P
942 _cBK
999 _c581230
_d581230